000 00337nam a22001337a 4500
008 170731b xxu||||| |||| 00| 0 eng d
020 _a9781402072956
041 _aeng
080 _a004
100 _a32
101 _aSHK
245 _aCOMPUTATIONAL MODELING AND PROBLEM SOLVING IN THE NETWORKED WORLD
_cBGRAGAVA,H.K
942 _2udc
_cBK
999 _c22201
_d22201